[Event "NB I. Charousek csoport"]
[Site "Komlo"]
[Date "2023.12.10"]
[Round "5.11"]
[White "Illes-Nagy, Nora"]
[Black "Jaro, Benjamin"]
[Result "0-1"]
[WhiteElo "1474"]
[BlackElo "2008"]
[PlyCount "124"]
[EventDate "2023.10.08"]
[EventType "team-tourn"]
[EventRounds "11"]
[EventCountry "HUN"]
[Source "chess.hu"]
[WhiteTeam "Gyori Elektromos"]
[BlackTeam "Komloi BSK"]
[WhiteTeamCountry "HUN"]
[BlackTeamCountry "HUN"]

1. d4 d5 2. c4 Nf6 3. cxd5 Nxd5 4. e4 Nb6 5. Nc3 e5 6. d5 c6 7. Nf3 Bd6 8. Be3
O-O 9. Qb3 cxd5 10. Bxb6 Qxb6 11. Nxd5 Qa5+ 12. Nc3 Nc6 13. Rd1 Bb4 14. Bc4 Bg4
15. Rd5 Qc7 16. O-O Qe7 17. Rb5 Bxf3 18. gxf3 a6 19. Rb6 Bc5 20. Rxb7 Qg5+ 21.
Kh1 Na5 22. Bxf7+ Kh8 23. Qd5 Nxb7 24. Qxb7 Ra7 25. Qc6 Raxf7 26. Qxc5 Rxf3 27.
Rg1 Qf6 28. Nd5 Qf7 29. Ne7 Rxf2 30. Nf5 Rxf5 31. exf5 Qb7+ 32. Rg2 Rxf5 33. h3
h6 34. a4 Rg5 35. Qf2 Qe4 36. Qe2 Qc6 37. b3 Qd5 38. Qd2 Qe4 39. Qe2 Qb7 40.
Kh2 Rxg2+ 41. Qxg2 Qxb3 42. Qa8+ Qg8 43. Qxa6 Qa2+ 44. Kg1 Qb1+ 45. Kh2 Qc2+
46. Kh1 e4 47. Qb5 Qd1+ 48. Kg2 Qf3+ 49. Kg1 Qg3+ 50. Kf1 Qxh3+ 51. Ke2 Qf3+
52. Ke1 e3 53. Qb8+ Kh7 54. Qb1+ g6 55. Qd3 Qg3+ 56. Ke2 Qg4+ 57. Kxe3 Qxa4 58.
Qd8 Qb3+ 59. Kf4 Qf7+ 60. Kg4 Qf5+ 61. Kh4 Qh5+ 62. Kg3 Qg5+ 0-1

[Event "NB I. Charousek csoport"]
[Site "Komlo"]
[Date "2023.12.10"]
[Round "5.12"]
[White "Csiszar, Viktoria"]
[Black "Petrecz, Akos"]
[Result "1-0"]
[WhiteElo "1815"]
[BlackElo "1324"]
[PlyCount "85"]
[EventDate "2023.10.08"]
[EventType "team-tourn"]
[EventRounds "11"]
[EventCountry "HUN"]
[Source "chess.hu"]
[WhiteTeam "Komloi BSK"]
[BlackTeam "Gyori Elektromos"]
[WhiteTeamCountry "HUN"]
[BlackTeamCountry "HUN"]

1. e4 c6 2. d4 d5 3. e5 c5 4. c3 Nc6 5. Nf3 Bg4 6. dxc5 Bxf3 7. Qxf3 Nxe5 8.
Bb5+ Nc6 9. O-O e6 10. b4 h6 11. c4 Qf6 12. Qe2 Nge7 13. Bb2 Qf4 14. Nc3 dxc4
15. Rad1 Rd8 16. Rxd8+ Kxd8 17. Rd1+ Kc8 18. Bxc4 Ne5 19. Bb3 N7c6 20. Nb5 a6
21. Na7+ Nxa7 22. Bxe5 Qg5 23. Qd3 Qe7 24. Qf3 Nc6 25. Bd6 Qe8 26. Bg3 f6 27.
a4 e5 28. Qe4 Kb8 29. Bd5 Qc8 30. f4 exf4 31. Bxf4+ Ka8 32. Be6 Qe8 33. Qc4 Be7
34. b5 Nb8 35. c6 bxc6 36. bxc6 Qf8 37. c7 Bc5+ 38. Kh1 Nc6 39. c8=Q+ Qxc8 40.
Bxc8 Rxc8 41. Qxc5 Kb7 42. Rd7+ Ka8 43. Qb6 1-0

[Event "NB I. Charousek csoport"]
[Site "Gyor"]
[Date "2023.12.10"]
[Round "5.2"]
[White "Gyurkovics, Bence Dr"]
[Black "Kiss, Attila"]
[Result "1/2-1/2"]
[WhiteElo "2265"]
[BlackElo "2295"]
[PlyCount "21"]
[EventDate "2023.10.08"]
[EventType "team-tourn"]
[EventRounds "11"]
[EventCountry "HUN"]
[Source "chess.hu"]
[WhiteTeam "Szechenyi ESE Gyor"]
[BlackTeam "Haladas VSE II."]
[WhiteTeamCountry "HUN"]
[BlackTeamCountry "HUN"]

1. d4 d5 2. c4 e6 3. Nf3 Nf6 4. Nc3 Nbd7 5. Bg5 c6 6. e3 Qa5 7. Bxf6 Nxf6 8.
Nd2 Bb4 9. Qc2 O-O 10. Bd3 Re8 11. O-O 1/2-1/2

[Event "NB I. Charousek csoport"]
[Site "Gyor"]
[Date "2023.12.10"]
[Round "5.4"]
[White "Csidey, Csongor"]
[Black "Csontos, Aron"]
[Result "1/2-1/2"]
[WhiteElo "2047"]
[BlackElo "2180"]
[PlyCount "98"]
[EventDate "2023.10.08"]
[EventType "team-tourn"]
[EventRounds "11"]
[EventCountry "HUN"]
[Source "chess.hu"]
[WhiteTeam "Szechenyi ESE Gyor"]
[BlackTeam "Haladas VSE II."]
[WhiteTeamCountry "HUN"]
[BlackTeamCountry "HUN"]

1. e4 c5 2. c3 Nf6 3. e5 Nd5 4. Nf3 e6 5. d4 cxd4 6. cxd4 d6 7. Bc4 Be7 8. O-O
O-O 9. Qe2 Nc6 10. Rd1 Na5 11. Bd3 Nb4 12. Nc3 Nxd3 13. Qxd3 d5 14. h4 h6 15.
h5 Bd7 16. b3 a6 17. g4 Rc8 18. Bd2 Nc6 19. Ne2 Nb4 20. Bxb4 Bxb4 21. a4 f5 22.
gxf5 Rxf5 23. Rac1 Bc6 24. Ng3 Rf4 25. Kg2 Qf8 26. Rf1 Qf7 27. Nh2 Rf8 28. f3
Qe7 29. Ng4 Qg5 30. Ne2 R4f7 31. Ng3 Rxf3 32. Rxf3 Rxf3 33. Kxf3 Qxc1 34. Qg6
Qd1+ 35. Kg2 Qd2+ 36. Kh3 Kf8 37. Qxe6 Qxd4 38. Qc8+ Be8 39. Qf5+ Ke7 40. e6
Bd6 41. Qc2 Bxg3 42. Kxg3 Bxh5 43. Qc7+ Kxe6 44. Qc8+ Kd6 45. Qb8+ Kc6 46. Ne5+
Kb6 47. Qd8+ Ka7 48. Nc6+ bxc6 49. Qc7+ Ka8 1/2-1/2

[Event "NB I. Charousek csoport"]
[Site "Gyor"]
[Date "2023.12.10"]
[Round "5.5"]
[White "Egri, Laszlo Jr"]
[Black "Csuta, Akos Koppany"]
[Result "1/2-1/2"]
[WhiteElo "2238"]
[BlackElo "2103"]
[PlyCount "77"]
[EventDate "2023.10.08"]
[EventType "team-tourn"]
[EventRounds "11"]
[EventCountry "HUN"]
[Source "chess.hu"]
[WhiteTeam "Haladas VSE II."]
[BlackTeam "Szechenyi ESE Gyor"]
[WhiteTeamCountry "HUN"]
[BlackTeamCountry "HUN"]

1. Nf3 Nf6 2. c4 g6 3. g3 Bg7 4. Bg2 O-O 5. O-O d5 6. cxd5 Nxd5 7. d4 Nd7 8. e4
N5b6 9. Nc3 c6 10. Qe2 e5 11. Bg5 Qc7 12. Rac1 exd4 13. Nb5 Qb8 14. Nbxd4 Ne5
15. Nxe5 Qxe5 16. Be3 Re8 17. Rfd1 Be6 18. Nxe6 Qxe6 19. b3 Rad8 20. Rd2 Nc8
21. Rcd1 Bf6 22. Bf4 Rxd2 23. Rxd2 Rd8 24. Rxd8+ Bxd8 25. Qd3 Be7 26. h4 Bd6
27. e5 Bc7 28. Kh2 Ne7 29. Bh3 Qd5 30. Qe2 Qd4 31. Bg5 Kf8 32. e6 f6 33. Qf3
Kg7 34. Be3 Qxh4 35. Bxa7 Qb4 36. Be3 h5 37. Kg2 Be5 38. Bc1 Qc3 39. Qd1
1/2-1/2

[Event "NB I. Charousek csoport"]
[Site "Gyor"]
[Date "2023.12.10"]
[Round "5.7"]
[White "Nemeth, Denes"]
[Black "Szabo, Laszlo"]
[Result "0-1"]
[WhiteElo "2190"]
[BlackElo "1980"]
[PlyCount "102"]
[EventDate "2023.10.08"]
[EventType "team-tourn"]
[EventRounds "11"]
[EventCountry "HUN"]
[Source "chess.hu"]
[WhiteTeam "Haladas VSE II."]
[BlackTeam "Szechenyi ESE Gyor"]
[WhiteTeamCountry "HUN"]
[BlackTeamCountry "HUN"]

1. d4 Nf6 2. c4 g6 3. Nf3 Bg7 4. g3 O-O 5. Bg2 c5 6. O-O Nc6 7. d5 Na5 8. Qc2
d6 9. e4 a6 10. a4 Bd7 11. Bd2 b5 12. axb5 axb5 13. cxb5 Bxb5 14. Re1 Qb6 15.
Nc3 Bd7 16. e5 Ng4 17. exd6 exd6 18. Ne4 Nb3 19. Rxa8 Rxa8 20. Bf4 Bf5 21. Bxd6
Nxf2 22. Bxc5 Nxc5 23. Qxc5 Nh3+ 24. Bxh3 Qxc5+ 25. Nxc5 Bxh3 26. Nd3 Rd8 27.
b3 Bg4 28. Nfe5 Bf5 29. Nb4 Bf8 30. Nec6 Bc5+ 31. Kg2 Ra8 32. Rc1 Bd6 33. Rc4
Ra3 34. g4 Bd7 35. Nd4 Ra1 36. h3 Rd1 37. Nbc6 Rd2+ 38. Kf1 Rd1+ 39. Ke2 Rh1
40. Rc3 Rh2+ 41. Kd1 h5 42. gxh5 gxh5 43. b4 Bxh3 44. b5 Bf4 45. Nf3 Bg4 46.
Ncd4 Rb2 47. Ne2 Bd6 48. Nfd4 Bf4 49. Rc6 Be3 50. d6 Bxd4 51. d7 Rxe2 0-1

[Event "NB I. Charousek csoport"]
[Site "Gyor"]
[Date "2023.12.10"]
[Round "5.8"]
[White "Molnar, Gabor"]
[Black "Rovid, Kalman"]
[Result "0-1"]
[WhiteElo "1970"]
[BlackElo "2150"]
[PlyCount "58"]
[EventDate "2023.10.08"]
[EventType "team-tourn"]
[EventRounds "11"]
[EventCountry "HUN"]
[Source "chess.hu"]
[WhiteTeam "Szechenyi ESE Gyor"]
[BlackTeam "Haladas VSE II."]
[WhiteTeamCountry "HUN"]
[BlackTeamCountry "HUN"]

1. d4 Nf6 2. Nf3 c5 3. g3 b6 4. Bg2 Bb7 5. O-O e6 6. c3 Be7 7. Bf4 O-O 8. Nbd2
d5 9. Qc2 Nbd7 10. dxc5 bxc5 11. Rfd1 Qb6 12. b4 cxb4 13. cxb4 Rfc8 14. Qb3
Bxb4 15. Nf1 Ba6 16. Be3 Qa5 17. a3 Bc3 18. Bd2 Bxe2 19. Rdc1 Ne4 20. Bxc3 Rxc3
21. Qb7 Rd8 22. Nd4 Bxf1 23. Bxf1 Ne5 24. Bg2 Rxc1+ 25. Rxc1 Qd2 26. Nb3 Qxf2+
27. Kh1 h5 28. Qc7 Qb6 29. Qxe5 Nf2+ 0-1

[Event "NB I. Charousek csoport"]
[Site "Gyor"]
[Date "2023.12.10"]
[Round "5.9"]
[White "Tomasic, Roland"]
[Black "Horvath, Laszlo"]
[Result "1-0"]
[WhiteElo "2110"]
[BlackElo "1865"]
[PlyCount "73"]
[EventDate "2023.10.08"]
[EventType "team-tourn"]
[EventRounds "11"]
[EventCountry "HUN"]
[Source "chess.hu"]
[WhiteTeam "Haladas VSE II."]
[BlackTeam "Szechenyi ESE Gyor"]
[WhiteTeamCountry "HUN"]
[BlackTeamCountry "HUN"]

1. e4 Nf6 2. e5 Nd5 3. d4 d6 4. c4 Nb6 5. exd6 cxd6 6. b3 g6 7. Bb2 Bg7 8. Nf3
Nc6 9. h3 Bf5 10. Bd3 Qd7 11. Bxf5 Qxf5 12. O-O O-O 13. Qd2 d5 14. c5 Nd7 15.
b4 e5 16. b5 Nxd4 17. Nxd4 exd4 18. Bxd4 Nxc5 19. Bxg7 Kxg7 20. Nc3 Ne4 21. Qd3
Rac8 22. Ne2 Nc3 23. Qd2 Nxe2+ 24. Qxe2 Rfe8 25. Qd2 Rc4 26. Qa5 d4 27. a4 Qc5
28. Rad1 a6 29. Rb1 Re2 30. Qd8 Rcc2 31. bxa6 d3 32. Qb6 bxa6 33. a5 Qxb6 34.
axb6 Rb2 35. b7 Rxf2 36. b8=Q Rxg2+ 37. Kh1 1-0

[Event "NB I. Charousek csoport"]
[Site "Gyor"]
[Date "2023.12.10"]
[Round "5.10"]
[White "Szabo - Thomka, Daniel"]
[Black "Colev, Ivor"]
[Result "1/2-1/2"]
[WhiteElo "1841"]
[BlackElo "2164"]
[PlyCount "82"]
[EventDate "2023.10.08"]
[EventType "team-tourn"]
[EventRounds "11"]
[EventCountry "HUN"]
[Source "chess.hu"]
[WhiteTeam "Szechenyi ESE Gyor"]
[BlackTeam "Haladas VSE II."]
[WhiteTeamCountry "HUN"]
[BlackTeamCountry "HUN"]

1. e4 c5 2. Nf3 d6 3. d4 cxd4 4. Nxd4 Nf6 5. Nc3 g6 6. Be2 Bg7 7. Be3 O-O 8.
O-O Nc6 9. h3 a6 10. Qd2 Qc7 11. Rad1 Rb8 12. Rfe1 b5 13. Nxc6 Qxc6 14. Bf3 Qc7
15. Bd4 e5 16. Be3 Rd8 17. Bg5 Bb7 18. Re3 h6 19. Bxf6 Bxf6 20. Rd3 Bg5 21. Qe2
Rbc8 22. a3 Qc5 23. a4 b4 24. Nd5 a5 25. c4 Bxd5 26. Rxd5 Qxc4 27. Qxc4 Rxc4
28. Rxd6 Rxd6 29. Rxd6 Rc1+ 30. Bd1 b3 31. Kf1 Rb1 32. Rd3 Be7 33. Ke2 Rxb2+
34. Kf3 Bc5 35. Bxb3 Rxf2+ 36. Kg3 Rb2 37. Rf3 Bf2+ 38. Kh2 Bd4 39. Bxf7+ Kg7
40. Bb3 h5 41. h4 Rf2 1/2-1/2

[Event "NB I. Charousek csoport"]
[Site "Gyor"]
[Date "2023.12.10"]
[Round "5.12"]
[White "Farkas, Virag"]
[Black "Petroczy, Zoltan"]
[Result "1-0"]
[WhiteElo "1624"]
[BlackElo "1719"]
[PlyCount "69"]
[EventDate "2023.10.08"]
[EventType "team-tourn"]
[EventRounds "11"]
[EventCountry "HUN"]
[Source "chess.hu"]
[WhiteTeam "Szechenyi ESE Gyor"]
[BlackTeam "Haladas VSE II."]
[WhiteTeamCountry "HUN"]
[BlackTeamCountry "HUN"]

1. e4 d5 2. exd5 Nf6 3. Nf3 Nxd5 4. d4 g6 5. c3 Bg7 6. Bc4 O-O 7. O-O Nc6 8.
Bg5 Bg4 9. Nbd2 h6 10. Bh4 g5 11. Bg3 e5 12. dxe5 Nxe5 13. Bxe5 Bxe5 14. h3 Bh5
15. g4 Bxg4 16. hxg4 Bg7 17. Ne4 c6 18. Ng3 Nb6 19. Bb3 Qc8 20. Nf5 Kh8 21. Qd6
Rd8 22. Qh2 Kg8 23. Ne5 Nd5 24. Nxh6+ Bxh6 25. Qxh6 Qe6 26. Qxg5+ Kf8 27. Rae1
Qf6 28. Qh5 Qg7 29. Qf5 Rd6 30. Nd7+ Kg8 31. Bxd5 cxd5 32. g5 Rd8 33. Re7 Rg6
34. f4 d4 35. Rfe1 1-0

[Event "NB I. Charousek csoport"]
[Site "Paks"]
[Date "2023.12.10"]
[Round "5.1"]
[White "Varga, Zoltan"]
[Black "Lizak, Peter"]
[Result "1/2-1/2"]
[WhiteElo "2378"]
[BlackElo "2415"]
[PlyCount "27"]
[EventDate "2023.10.08"]
[EventType "team-tourn"]
[EventRounds "11"]
[EventCountry "HUN"]
[Source "chess.hu"]
[WhiteTeam "Sentimento Ajka BSK"]
[BlackTeam "ASE II. Paks"]
[WhiteTeamCountry "HUN"]
[BlackTeamCountry "HUN"]

1. e4 e6 2. d4 d5 3. Nc3 Nf6 4. Bg5 Be7 5. e5 Nfd7 6. Bxe7 Qxe7 7. Qd2 a6 8.
Nd1 f6 9. f4 fxe5 10. dxe5 Nc5 11. Nf2 Bd7 12. Nf3 Bb5 13. Bd3 O-O 14. g3
1/2-1/2

[Event "NB I. Charousek csoport"]
[Site "Paks"]
[Date "2023.12.10"]
[Round "5.3"]
[White "Horvath, Peter"]
[Black "Molnar, Bela"]
[Result "1/2-1/2"]
[WhiteElo "2377"]
[BlackElo "2291"]
[PlyCount "91"]
[EventDate "2023.10.08"]
[EventType "team-tourn"]
[EventRounds "11"]
[EventCountry "HUN"]
[Source "chess.hu"]
[WhiteTeam "Sentimento Ajka BSK"]
[BlackTeam "ASE II. Paks"]
[WhiteTeamCountry "HUN"]
[BlackTeamCountry "HUN"]

1. d4 Nf6 2. c4 d6 3. Nf3 Nbd7 4. Nc3 e5 5. g3 g6 6. Bg2 Bg7 7. O-O O-O 8. e4
Re8 9. d5 a6 10. Re1 Rb8 11. b4 c5 12. a3 b5 13. cxb5 axb5 14. Bf1 c4 15. a4
bxa4 16. Rxa4 Nb6 17. Ra1 Bd7 18. h3 Qc7 19. Be3 Rec8 20. Nd2 Ne8 21. Qe2 f5
22. Rec1 Nf6 23. Rab1 Qd8 24. Bxb6 Qxb6 25. Nxc4 Qd4 26. Rb3 Nxe4 27. Nxe4 fxe4
28. Rd1 Qxc4 29. Qxc4 Rxc4 30. Bxc4 Ba4 31. Rdb1 Bxb3 32. Rxb3 Bf6 33. Bf1 Bd8
34. Bg2 e3 35. fxe3 Ba5 36. b5 Bb6 37. Kf2 Ra8 38. Be4 Kf7 39. Kf3 h5 40. g4
hxg4+ 41. Kxg4 Ra4 42. Kf3 Kf6 43. Bd3 Ra7 44. Rc3 Bc5 45. Rb3 Bb6 46. Rc3
1/2-1/2

[Event "NB I. Charousek csoport"]
[Site "Paks"]
[Date "2023.12.10"]
[Round "5.4"]
[White "Forgacs, Attila Jr"]
[Black "Jakab, Attila"]
[Result "0-1"]
[WhiteElo "2277"]
[BlackElo "2271"]
[PlyCount "68"]
[EventDate "2023.10.08"]
[EventType "team-tourn"]
[EventRounds "11"]
[EventCountry "HUN"]
[Source "chess.hu"]
[WhiteTeam "ASE II. Paks"]
[BlackTeam "Sentimento Ajka BSK"]
[WhiteTeamCountry "HUN"]
[BlackTeamCountry "HUN"]

1. e4 e6 2. d4 d5 3. Nc3 Nf6 4. e5 Nfd7 5. f4 c5 6. Nf3 Nc6 7. Be3 cxd4 8. Nxd4
Bc5 9. Qd2 O-O 10. O-O-O a6 11. Kb1 Bxd4 12. Bxd4 b5 13. h4 b4 14. Na4 a5 15.
h5 Ba6 16. Bxa6 Rxa6 17. f5 Nxd4 18. Qxd4 Rc6 19. Rhf1 Rc4 20. Qd2 Nxe5 21. h6
g6 22. fxe6 fxe6 23. Rxf8+ Qxf8 24. Nb6 Re4 25. Qg5 Nf7 26. Qf6 Nxh6 27. Nd7
Qe8 28. Rf1 Nf5 29. Nc5 Re2 30. Qg5 Qc8 31. Qg4 Rxc2 32. Nb3 a4 33. Rxf5 axb3
34. Rf1 Rxb2+ 0-1

[Event "NB I. Charousek csoport"]
[Site "Paks"]
[Date "2023.12.10"]
[Round "5.5"]
[White "Martini, Balazs"]
[Black "Bodrogi, Bendeguz"]
[Result "1-0"]
[WhiteElo "2339"]
[BlackElo "2277"]
[PlyCount "95"]
[EventDate "2023.10.08"]
[EventType "team-tourn"]
[EventRounds "11"]
[EventCountry "HUN"]
[Source "chess.hu"]
[WhiteTeam "Sentimento Ajka BSK"]
[BlackTeam "ASE II. Paks"]
[WhiteTeamCountry "HUN"]
[BlackTeamCountry "HUN"]

1. Nf3 d5 2. e3 Nf6 3. c4 e6 4. b3 c5 5. Bb2 Nc6 6. cxd5 exd5 7. Bb5 Be7 8. O-O
O-O 9. d4 Ne4 10. dxc5 Bxc5 11. Nc3 Nxc3 12. Bxc3 Bg4 13. Rc1 Qd6 14. Be2 Rfd8
15. h3 Bf5 16. Bd3 Be4 17. Qe2 Qe7 18. Rfd1 a6 19. Nd4 Rac8 20. Nf5 Qg5 21.
Bxe4 dxe4 22. Ng3 Ba3 23. Bb2 Bxb2 24. Qxb2 Qg6 25. b4 Rd3 26. b5 axb5 27. Qxb5
Rcd8 28. Rf1 R8d7 29. Rc4 h6 30. Rxe4 Rd2 31. Re8+ Kh7 32. Qb3 h5 33. Qa3 Rd8
34. Rxd8 Nxd8 35. Qa5 Rd3 36. Nxh5 Ne6 37. Ng3 Rd6 38. Qb4 Ra6 39. a4 b6 40.
Qh4+ Qh6 41. Qe4+ Qg6 42. Nf5 Qf6 43. Nd4+ Kg8 44. Nxe6 fxe6 45. Rc1 Ra7 46.
Rc6 Rf7 47. f4 g5 48. Rxe6 1-0

[Event "NB I. Charousek csoport"]
[Site "Paks"]
[Date "2023.12.10"]
[Round "5.6"]
[White "Bernath, Bence"]
[Black "Cseke, Richard"]
[Result "0-1"]
[WhiteElo "2246"]
[BlackElo "2283"]
[PlyCount "80"]
[EventDate "2023.10.08"]
[EventType "team-tourn"]
[EventRounds "11"]
[EventCountry "HUN"]
[Source "chess.hu"]
[WhiteTeam "ASE II. Paks"]
[BlackTeam "Sentimento Ajka BSK"]
[WhiteTeamCountry "HUN"]
[BlackTeamCountry "HUN"]

1. e4 c6 2. d4 d5 3. e5 Bf5 4. h4 h5 5. Bd3 Bxd3 6. Qxd3 e6 7. Bg5 Qb6 8. Nd2
Nd7 9. c4 Qxb2 10. Rb1 Qxa2 11. Rxb7 Qa6 12. Qb3 Nb6 13. Rc7 Nxc4 14. Nxc4 dxc4
15. Qb7 Qxb7 16. Rxb7 a5 17. Nf3 Bb4+ 18. Ke2 f6 19. Be3 Ne7 20. Nd2 Bxd2 21.
Bxd2 Nf5 22. exf6 gxf6 23. Bc3 O-O 24. Rhb1 Rf7 25. g4 hxg4 26. h5 Re8 27. R1b6
Rxb7 28. Rxb7 Rd8 29. d5 Rxd5 30. Bxf6 e5 31. Bg5 Rb5 32. Rc7 Nd4+ 33. Ke3 Ne6
34. Rc8+ Kf7 35. Bh4 e4 36. Kxe4 Rxh5 37. Bg3 c3 38. Rxc6 Rc5 39. Rxc5 Nxc5+
40. Ke3 c2 0-1

[Event "NB I. Charousek csoport"]
[Site "Paks"]
[Date "2023.12.10"]
[Round "5.7"]
[White "Konyves, Almos"]
[Black "Losonczi, Marcell"]
[Result "1-0"]
[WhiteElo "2282"]
[BlackElo "2206"]
[PlyCount "81"]
[EventDate "2023.10.08"]
[EventType "team-tourn"]
[EventRounds "11"]
[EventCountry "HUN"]
[Source "chess.hu"]
[WhiteTeam "Sentimento Ajka BSK"]
[BlackTeam "ASE II. Paks"]
[WhiteTeamCountry "HUN"]
[BlackTeamCountry "HUN"]

1. d4 Nf6 2. c4 d6 3. Nc3 Nbd7 4. e4 e5 5. Nf3 g6 6. Be2 Bg7 7. Be3 O-O 8. d5
a5 9. Nd2 Ne8 10. g4 Nc5 11. h4 f5 12. exf5 gxf5 13. h5 h6 14. Rg1 fxg4 15.
Bxc5 dxc5 16. Bxg4 Qh4 17. Nce4 Nf6 18. Nxf6+ Rxf6 19. Qe2 Rf4 20. Bxc8 Rxc8
21. O-O-O e4 22. Rg6 Rcf8 23. Rdg1 R8f7 24. Re6 Qh2 25. Rf1 a4 26. a3 Qh3 27.
Re8+ Rf8 28. Re7 Qh4 29. Rxc7 Rxf2 30. Rg1 R2f7 31. Rxf7 Rxf7 32. Qxe4 Qf6 33.
Qe8+ Kh7 34. Qe4+ Kh8 35. Qc2 Qf2 36. Qg6 Qf5 37. Qxf5 Rxf5 38. Ne4 Rxh5 39. d6
Rf5 40. d7 Rf8 41. Nxc5 1-0

[Event "NB I. Charousek csoport"]
[Site "Paks"]
[Date "2023.12.10"]
[Round "5.8"]
[White "Benedeczky, Lehel Dr"]
[Black "Kozma, Karoly"]
[Result "1/2-1/2"]
[WhiteElo "2135"]
[BlackElo "2209"]
[PlyCount "146"]
[EventDate "2023.10.08"]
[EventType "team-tourn"]
[EventRounds "11"]
[EventCountry "HUN"]
[Source "chess.hu"]
[WhiteTeam "ASE II. Paks"]
[BlackTeam "Sentimento Ajka BSK"]
[WhiteTeamCountry "HUN"]
[BlackTeamCountry "HUN"]

1. d4 Nf6 2. c4 g6 3. Nc3 Bg7 4. e4 d6 5. f3 O-O 6. Be3 a6 7. Qd2 Nc6 8. Nge2
Rb8 9. Ng3 e5 10. d5 Nd4 11. Nge2 c5 12. dxc6 bxc6 13. Nxd4 exd4 14. Bxd4 Qa5
15. Nb1 Qc7 16. Be2 d5 17. cxd5 cxd5 18. e5 Nd7 19. f4 f6 20. exf6 Nxf6 21. Nc3
Bf5 22. O-O Ne4 23. Nxe4 Bxe4 24. Rac1 Bxd4+ 25. Qxd4 Qd6 26. Bg4 h5 27. Bh3
Rb4 28. Be6+ Kh7 29. Qa7+ Kh6 30. Rc7 Qb6+ 31. Rf2 Qxa7 32. Rxa7 Rb6 33. Re7
Rc6 34. h4 d4 35. Bg8 Rc1+ 36. Kh2 Rxg8 37. Rxe4 Rd8 38. Rd2 d3 39. Re3 Rd4 40.
Kg3 Rc2 41. Rdxd3 Rxd3 42. Rxd3 Rxb2 43. Ra3 Rb6 44. Kf3 Kg7 45. Ke4 Kf6 46. g3
Ke6 47. Ra5 Rb4+ 48. Kd3 Rb6 49. Rg5 Kf6 50. f5 gxf5 51. Rxh5 Kg6 52. Rg5+ Kf6
53. Kc4 a5 54. Rg8 Rb4+ 55. Kd5 Rb5+ 56. Kd6 Rb6+ 57. Kd5 Rb5+ 58. Kc4 Rb4+ 59.
Kc3 Kf7 60. Rg5 Kf6 61. a3 Re4 62. Kb3 Rd4 63. Kb2 Re4 64. Rg8 Kf7 65. Ra8 Re2+
66. Kc1 Re3 67. Rxa5 Kg6 68. g4 fxg4 69. Rg5+ Kh6 70. Kb2 g3 71. a4 Re2+ 72.
Kc3 g2 73. a5 Re5 1/2-1/2

[Event "NB I. Charousek csoport"]
[Site "Paks"]
[Date "2023.12.10"]
[Round "5.9"]
[White "Vass, Viktor"]
[Black "Toth, Gergely"]
[Result "1-0"]
[WhiteElo "2161"]
[BlackElo "2129"]
[PlyCount "103"]
[EventDate "2023.10.08"]
[EventType "team-tourn"]
[EventRounds "11"]
[EventCountry "HUN"]
[Source "chess.hu"]
[WhiteTeam "Sentimento Ajka BSK"]
[BlackTeam "ASE II. Paks"]
[WhiteTeamCountry "HUN"]
[BlackTeamCountry "HUN"]

1. e4 c5 2. Nf3 d6 3. d4 cxd4 4. Nxd4 Nf6 5. Nc3 g6 6. Be2 Nc6 7. Nb3 Bg7 8.
O-O O-O 9. f4 Qb6+ 10. Kh1 a5 11. a4 Be6 12. Nd5 Bxd5 13. exd5 Nb4 14. Bf3 Qa6
15. Be3 Qc4 16. c3 Nbxd5 17. Bd4 Rfb8 18. Re1 e6 19. g4 Nxf4 20. Bxf6 Bxf6 21.
Re4 Qc7 22. Rxf4 Be5 23. Re4 Bxh2 24. g5 d5 25. Rg4 Be5 26. Qe2 Bg7 27. Re1 Ra6
28. Nd4 h5 29. gxh6 Bxh6 30. Nb5 Qd8 31. c4 dxc4 32. Qh2 Bg7 33. Rd1 Qf8 34.
Rxc4 e5 35. Kg2 Rd8 36. Bd5 Qe7 37. Qg3 Rf8 38. Rc7 Qb4 39. b3 Rf6 40. Nc3 b6
41. Ne4 Rf5 42. Rc4 Qa3 43. Qxg6 Qxb3 44. Rd3 Qxd3 45. Nf6+ Rxf6 46. Qxd3 Bh6
47. Qg3+ Kh8 48. Qxe5 Rg8+ 49. Kh3 Bg5 50. Rg4 Kh7 51. Rxg5 Rxg5 52. Qxf6 1-0

[Event "NB I. Charousek csoport"]
[Site "Paks"]
[Date "2023.12.10"]
[Round "5.10"]
[White "Szegedy, Matyas"]
[Black "Szalay-Ocsak, Bank"]
[Result "1/2-1/2"]
[WhiteElo "2124"]
[BlackElo "2214"]
[PlyCount "47"]
[EventDate "2023.10.08"]
[EventType "team-tourn"]
[EventRounds "11"]
[EventCountry "HUN"]
[Source "chess.hu"]
[WhiteTeam "ASE II. Paks"]
[BlackTeam "Sentimento Ajka BSK"]
[WhiteTeamCountry "HUN"]
[BlackTeamCountry "HUN"]

1. e4 c5 2. Nf3 d6 3. Bb5+ Bd7 4. Bxd7+ Qxd7 5. c4 e5 6. d3 Nc6 7. Nc3 Be7 8.
O-O Bd8 9. Ne1 Nge7 10. f4 exf4 11. Bxf4 Ng6 12. Bg3 O-O 13. Nc2 Nge5 14. Nd5
f5 15. Nce3 fxe4 16. Rxf8+ Kxf8 17. dxe4 Bg5 18. Qh5 Bxe3+ 19. Nxe3 Kg8 20. Rd1
Qe6 21. Qf5 Re8 22. Qxe6+ Rxe6 23. Bxe5 Nxe5 24. b3 1/2-1/2

[Event "NB I. Charousek csoport"]
[Site "Paks"]
[Date "2023.12.10"]
[Round "5.11"]
[White "Pasti, Anna"]
[Black "Berta, Tibor"]
[Result "0-1"]
[WhiteElo "2027"]
[BlackElo "2028"]
[PlyCount "72"]
[EventDate "2023.10.08"]
[EventType "team-tourn"]
[EventRounds "11"]
[EventCountry "HUN"]
[Source "chess.hu"]
[WhiteTeam "Sentimento Ajka BSK"]
[BlackTeam "ASE II. Paks"]
[WhiteTeamCountry "HUN"]
[BlackTeamCountry "HUN"]

1. e4 Nf6 2. Qe2 d5 3. e5 Nfd7 4. d4 e6 5. f4 c5 6. c3 Nc6 7. Nf3 Be7 8. g3 O-O
9. Bh3 Re8 10. Be3 Rb8 11. a4 a6 12. g4 b5 13. axb5 axb5 14. f5 b4 15. fxe6
fxe6 16. g5 Bf8 17. g6 h5 18. O-O bxc3 19. bxc3 cxd4 20. cxd4 Nb6 21. Nbd2 Bd7
22. Ng5 Nxd4 23. Qf2 Nf5 24. Nf7 Qh4 25. Bxf5 Qxf2+ 26. Rxf2 exf5 27. Nf3 Nc4
28. Bd4 Be6 29. Nh4 Bxf7 30. gxf7+ Kxf7 31. Rxf5+ Kg8 32. Rff1 Nd2 33. Rfd1 Rb1
34. Rdxb1 Nxb1 35. Ng2 Nd2 36. Nf4 Nf3+ 0-1

[Event "NB I. Charousek csoport"]
[Site "Nagykanizsa"]
[Date "2023.12.10"]
[Round "5.2"]
[White "Bodo, Norbert"]
[Black "Pataki, Gyozo"]
[Result "1-0"]
[WhiteElo "2395"]
[BlackElo "2308"]
[PlyCount "109"]
[EventDate "2023.10.08"]
[EventType "team-tourn"]
[EventRounds "11"]
[EventCountry "HUN"]
[Source "chess.hu"]
[WhiteTeam "Tuxera ANSK II."]
[BlackTeam "Balatonfuredi SC"]
[WhiteTeamCountry "HUN"]
[BlackTeamCountry "HUN"]

1. Nf3 d5 2. d4 Nf6 3. c4 c6 4. e3 g6 5. Qa4 Nbd7 6. cxd5 Nb6 7. Qb3 cxd5 8.
Nc3 Bg7 9. Bb5+ Bd7 10. Bxd7+ Qxd7 11. Ne5 Qd6 12. Bd2 a6 13. Rc1 O-O 14. Ne2
Rfc8 15. O-O e6 16. Bb4 Qb8 17. Ba5 Nbd7 18. Rxc8+ Qxc8 19. Rc1 Qb8 20. Nxd7
Nxd7 21. Rc7 b6 22. Rxd7 bxa5 23. Rb7 Qc8 24. Nc3 Bf8 25. Qb6 Bb4 26. Rc7 Qd8
27. Qc6 Bxc3 28. Qxc3 Rb8 29. g3 Qd6 30. Rc6 Qb4 31. Rxa6 Qxb2 32. Qxb2 Rxb2
33. Rxa5 h5 34. h3 Kg7 35. Kg2 Kf6 36. Ra7 Rc2 37. Kf3 Rb2 38. Ra8 Rc2 39. Kg2
Rb2 40. Ra7 Rc2 41. g4 hxg4 42. hxg4 Rb2 43. Kg3 Rc2 44. f4 Rb2 45. g5+ Kg7 46.
a4 Ra2 47. a5 Kg8 48. a6 Kg7 49. Kf3 Kg8 50. f5 gxf5 51. g6 f6 52. Kg3 Kh8 53.
Rh7+ Kg8 54. a7 Ra3 55. Kf4 1-0